Guess the NBA Player by Picture - Statistics

General Stats
  • This quiz has been taken 9,635 times
  • The average score is 12 of 15
Answer Stats
Picture Answer % Correct
LeBron James
100%
Michael Jordan
99%
Kevin Durant
94%
Kobe Bryant
93%
Larry Bird
92%
Charles Barkley
90%
Kareem Abdul Jabbar
90%
Magic Johnson
90%
Scottie Pippen
89%
Wilt Chamberlain
89%
Joakim Noah
72%
Oscar Robertson
66%
Pete Maravich
57%
Dikembe Mutombo
56%
Davis Bertans
37%
No matching quizzes found
Score Distribution
Percent of People with Each Score
Percentile by Number Answered
Your Score History
You have not taken this quiz